书目信息 |
| 题名: |
编辑与装帧
|
|
| 作者: | 邓中和 著 | |
| 分册: | ||
| 出版信息: | 北京 首都师范大学出版社 2010 |
|
| 页数: | 269页 | |
| 开本: | 24cm | |
| 丛书名: | 书林守望丛书 | |
| 单 册: | ||
| 中图分类: | G232 , TS881 | |
| 科图分类: | ||
| 主题词: | 编辑工作--研究 , 书籍装帧--研究 , 编辑工作 , 书籍装帧 | |
| 电子资源: | ||
| ISBN: | 978-7-5656-0033-3 | |
| 000 | 00975oam2 2200313 450 | |
| 001 | 3661 | |
| 005 | 20180527173620.13 | |
| 010 | @a978-7-5656-0033-3@dCNY40.00 | |
| 100 | @a20110105d2010 em y0chiy50 ea | |
| 101 | 0 | @achi |
| 102 | @aCN@b110000 | |
| 105 | @aa z 000yy | |
| 200 | 1 | @a编辑与装帧@9bian ji yu zhuang zheng@f邓中和著 |
| 210 | @a北京@c首都师范大学出版社@d2010 | |
| 215 | @a269页@c图@d24cm | |
| 225 | 1 | @a书林守望丛书@v3 |
| 300 | @a韬奋基金会资金资助 “十一五”国家重点图书出版规划项目 | |
| 308 | @a丛书第二辑 | |
| 330 | @a本书内容包括:“先辈楷模——以文化巨匠和出版前辈为榜样”、“得遇良师——良师雨露培育人”、“心美如斯——从编书到做书”等。 | |
| 461 | 0 | @12001 @a书林守望丛书 |
| 606 | 0 | @a编辑工作@x研究 |
| 606 | 0 | @a书籍装帧@x研究 |
| 606 | 0 | @a编辑工作 |
| 606 | 0 | @a书籍装帧 |
| 690 | @aG232@v4 | |
| 690 | @aTS881@v4 | |
| 701 | 0 | @a邓中和@9deng zhong he@f(1946~)@4著 |
| 801 | 0 | @aCN@b91MARC@c20130904 |
| 905 | @aMuseLib@dG232@e92 | |
| 编辑与装帧/邓中和著.-北京:首都师范大学出版社,2010 |
| 269页:图;24cm.-(书林守望丛书;3) |
| 韬奋基金会资金资助 “十一五”国家重点图书出版规划项目 |
| ISBN 978-7-5656-0033-3:CNY40.00 |
| 本书内容包括:“先辈楷模——以文化巨匠和出版前辈为榜样”、“得遇良师——良师雨露培育人”、“心美如斯——从编书到做书”等。 |
| ● |
| 相关链接 |
|
|
|
|
正题名:编辑与装帧
索取号:G232/92
 
预约/预借
| 序号 | 登录号 | 条形码 | 馆藏地/架位号 | 状态 | 备注 |
| 1 | 1110112 | 211101127 | 第一样本阅览室/ [索取号:G232/92] | 在馆 | |
| 2 | 1110113 | 211101136 | 教育系资料室/ [索取号:G232/92] | 在馆 | |
| 3 | 1110114 | 211101145 | 教育系资料室/ [索取号:G232/92] | 在馆 | |
| 4 | 1110115 | 211101154 | 第四借阅区/ [索取号:G232/92] | 在馆 |